| 000 | 00491cam a2200193ua 4500 | ||
|---|---|---|---|
| 001 | 3030 | ||
| 008 | 111128n ii |||gr||||Z||||||eng | ||
| 020 | _a81-260-1994-8 | ||
| 040 | _cMAIN | ||
| 082 | _a920 | ||
| 100 |
_aGhose, Rabindranath, _eAuthor. |
||
| 245 | 1 | 1 |
_aRabindranath Tagore _cby Sisirkumar Ghose |
| 250 | _a1st. | ||
| 260 |
_aNew delhi: _bSahitya akademi, _c2007. |
||
| 300 |
_a152p: _c23cm. |
||
| 653 | _aBiography | ||
| 653 | _aBiography of Rabindranath Tagore | ||
| 942 | _cBK | ||
| 999 |
_c2878 _d2878 |
||